Hotel and motel management and operations / (Record no. 25542)
[ view plain ]
| 000 -LEADER | |
|---|---|
| fixed length control field | 00632nam a2200217 a 4500 |
| 003 - CONTROL NUMBER IDENTIFIER | |
| control field | OSt |
| 005 - DATE AND TIME OF LATEST TRANSACTION | |
| control field | 20140310183627.0 |
| 008 - FIXED-LENGTH DATA ELEMENTS--GENERAL INFORMATION | |
| fixed length control field | 060828s19uu xx 00 eng d |
| 020 ## - INTERNATIONAL STANDARD BOOK NUMBER | |
| International Standard Book Number | 981-247-069-7 |
| 050 ## - LIBRARY OF CONGRESS CALL NUMBER | |
| Classification number | TX 928 |
| Item number | .G73 2003 |
| 100 ## - MAIN ENTRY--PERSONAL NAME | |
| Personal name | Gray, William S. |
| 245 ## - TITLE STATEMENT | |
| Title | Hotel and motel management and operations / |
| Statement of responsibility, etc | William S. Gray and Salvatore C. Liguori |
| 250 ## - EDITION STATEMENT | |
| Edition statement | 4th ed. |
| 260 ## - PUBLICATION, DISTRIBUTION, ETC. (IMPRINT) | |
| Place of publication, distribution, etc | Singapore : |
| Name of publisher, distributor, etc | Pearson Education Asia, Ltd, |
| Date of publication, distribution, etc | 2003. |
| 300 ## - PHYSICAL DESCRIPTION | |
| Extent | 412 p. : |
| Dimensions | 24 cm. |
| 521 ## - TARGET AUDIENCE NOTE | |
| Target audience note | |
| 650 ## - SUBJECT ADDED ENTRY--TOPICAL TERM | |
| Topical term or geographic name as entry element | Hotel housekeeping |
| General subdivision | Management. |
| 700 ## - ADDED ENTRY--PERSONAL NAME | |
| Personal name | Liguori, Salvatori C. |
| 942 ## - ADDED ENTRY ELEMENTS (KOHA) | |
| Koha item type | Books |
| Source of classification or shelving scheme | Library of Congress Classification |
| Call number prefix | Foreign |
| Withdrawn status | Lost status | Source of classification or shelving scheme | Damaged status | Home library | Current library | Shelving location | Date acquired | Total Checkouts | Full call number | Barcode | Date last seen | Copy number | Price effective from | Koha item type |
|---|---|---|---|---|---|---|---|---|---|---|---|---|---|---|
| Library of Congress Classification | College Library | College Library | General Circulation Section | 10/26/2013 | TX 928 .G778 2003 | C7540 | 05/15/2018 | 1 | 10/26/2013 | Books |